000 00664nam a2200289Ia 4500
005 20260324150001.0
008 008 260324s9999 xx 000 0 eng d
020 _a9781003278504
037 _aEBOOK
040 _aCRL
040 _beng
040 _cCRL
041 _2eng
041 _aeng
084 _qCRL
100 _aR. J. Morris
_91224863
245 0 _aCholera 1832
245 4 _bThe Social Response to an Epidemic
260 _bTaylor and Francis
260 _c1976
365 _a
365 _b170
856 _uhttp://www.taylorfrancis.com/books/9781003278504
942 _cEBOOK
999 _c1833558
_d1833558